000 00654nam a2200193Ia 4500
008 240729s9999 xx 000 0 und d
022 _a2213-7467
245 0 _aAdvanced Modeling and Simulation in Engineering Sciences
260 _aUnited Kingdom
260 _bSpringerOpen
650 _a Engineering (General). Civil engineering (General)
650 _a Engineering (General). Civil engineering (General)
650 _a Mechanics of engineering. Applied mechanics | Technology
650 _a Systems engineering
650 _aTechnology
856 _uhttps://doaj.org/toc/f6b6742261074205805911d08d4fd922
942 _2ddc
942 _cDOAJEJ
999 _c74370
_d74370
945 _a1
_bMadushi Gamage
_c1
_dMadushi Gamage